000 00611nam a22002057a 4500
003 Ost
005 20250207113032.0
008 250207b |||||||| |||| 00| 0 eng d
020 _a9781788294041
040 _cBT-PhCST
050 _aA25134
082 _222
_a005.2762
_bBAL
100 _aBalachandar, Bogunuva Mohanram
245 _aRestful Java web services :
_ba pragmatic guide to designing and building restful apis using java /
250 _a3rd ed.
260 _aBirmingham - Mumbai :
_bPackt Publishing ,
_cc2017.
300 _aix, 400 p.
_bill.
_c24 cm.
504 _ainclude index.
942 _2ddc
_cIT
999 _c9877
_d9877